000 00350nam a2200109Ia 4500
008 171211s9999 xx 000 0 und d
245 _aEncyclopedia of Television Shows, 1925 through 2007 (4 Volume Set)
245 _cVincent Terrace
260 _c2008
650 _xEncyclopedia and Dictionary
856 _uhttp://down.ebook777.com/056/0786433051.pdf
999 _c350187
_d350187